Panorama de la inserción internacional de América Latina y el Caribe 2015: la crisis del comercio regional. Diagnóstico y perspectiva
Na minha lista:
| Autor Corporativo: | |
|---|---|
| Formato: | Livro |
| Idioma: | espanhol |
| Publicado em: |
Santiago
Naciones Unidas
2015
|
| Edição: | 1a. ed |
| Assuntos: | |
| Tags: |
Adicionar Tag
Sem tags, seja o primeiro a adicionar uma tag!
|
MARC
| LEADER | 00000cam a2200000 a 4500 | ||
|---|---|---|---|
| 001 | UCD1066 | ||
| 003 | CL-VaPUC | ||
| 008 | 160107e20150000cl |||||||||||||||||spa|d | ||
| 020 | |a 9789211219005 | ||
| 082 | 0 | 4 | |a 330.98 |b CEP |2 21 |
| 110 | 2 | |a CEPAL |e author |9 584150 | |
| 245 | 1 | 0 | |a Panorama de la inserción internacional de América Latina y el Caribe 2015: la crisis del comercio regional. Diagnóstico y perspectiva |
| 250 | |a 1a. ed | ||
| 300 | |a 98 p | ||
| 942 | |c BK | ||
| 945 | |d 20160107 17:52:00 |a dcastane | ||
| 260 | |a Santiago |b Naciones Unidas |c 2015 | ||
| 650 | 0 | |a Desarrollo económico y social |9 256320 | |
| 650 | 7 | |a COMERCIO INTERNACIONAL |2 CL-VaPUC |9 584151 | |
| 650 | 7 | |a CRISIS ECONOMICA |2 CL-VaPUC |9 584152 | |
| 650 | 0 | |a Integración económica |9 255024 | |
| 583 | |a last modification |c 20160107 17:52:00 |k Rodrigo Vera | ||
| 999 | |c 362491 |d 362489 | ||
| 952 | |0 0 |1 0 |3 erb |4 0 |6 330_980000000000000_CEP_2015 |7 0 |8 A |9 473777 |a BIBGIM |b BIBGIM |i 5259894 |o 330.98 CEP 2015 |p 5259894 |r 2025-01-15 |w 2019-11-24 |y BK |z Catalogado en:20160107 |k GIM | ||